| 000 | 00561nam a2200205 a 4500 | ||
|---|---|---|---|
| 005 | 20210223120736.0 | ||
| 008 | 991125s1996 mx 000 0 spa u | ||
| 020 | _a9686932585 | ||
| 035 | _aUPN01000006518 | ||
| 049 | _aCG | ||
| 050 | 4 |
_aPN1998.3 M6 _bM6.2a |
|
| 100 | 1 | _aMorales, Miguel Angel | |
| 245 | 1 | 0 |
_aCantinflas : _bamo de las carpas / _cMiguel Angel Morales |
| 260 |
_aMéxico : _bClío, _c1996 |
||
| 300 |
_a3 v. : _bfots. |
||
| 600 | 1 | 4 |
_aMORENO, MARIO,- _d1911-1993 _919574 |
| 902 | _aMV MARTHA VALENCIA | ||
| 904 |
_aAC _b006518 |
||
| 905 | _aLibro | ||
| 999 |
_c6518 _d6518 |
||